[Event "Championnat de France des Jeunes - Benj"]
[Site "TROYES"]
[Date "2010.04.18"]
[Round "9.3"]
[White "Bach, Anatole"]
[Black "Lamard, Guillaume"]
[Result "0-1"]
[WhiteElo "1842"]
[BlackElo "2117"]
[PlyCount "124"]

1. e4 e5 2. Nf3 Nc6 3. Nc3 Nf6 4. d4 exd4 5. Nxd4 d6 6. Bc4 Be7 7. O-O O-O 8.
Re1 Bd7 9. Nxc6 Bxc6 10. Nd5 Bxd5 11. exd5 Nd7 12. Bf4 Bf6 13. c3 Be5 14. Qd2
Qh4 15. g3 Qg4 16. Bb5 Bxf4 17. Qxf4 Qxf4 18. gxf4 Nb6 19. Rad1 a6 20. Bf1 Rfe8
21. Re3 Kf8 22. b3 Nd7 23. Bg2 Nf6 24. Bf3 Re7 25. Rde1 Rae8 26. R1e2 Nd7 27.
Kf1 Nc5 28. Ke1 f5 29. Kd2 Kf7 30. Rxe7+ Rxe7 31. Rxe7+ Kxe7 32. Ke3 Kf6 33.
Kd4 g5 34. b4 Nd7 35. fxg5+ Kxg5 36. c4 Kf4 37. Be2 b6 38. a4 a5 39. bxa5 bxa5
40. Bd1 Nc5 41. Bc2 h5 42. Bd1 h4 43. Bc2 Kf3 44. Bxf5 Nxa4 45. c5 Nxc5 46. Kc4
Kxf2 47. Kb5 a4 48. Kc6 a3 49. Bb1 Kg1 50. h3 Kh2 51. Kxc7 Ne4 52. Bxe4 a2 53.
Bf5 a1=Q 54. Kxd6 Qf6+ 55. Be6 Kg3 56. Kc6 Kf4 57. Kd6 Qf8+ 58. Kc6 Ke5 59. Kb5
Qd6 60. Kc4 Qb6 61. Kd3 Qd4+ 62. Ke2 Kf4 0-1

[Event "Championnat de France des Jeunes - Benj"]
[Site "TROYES"]
[Date "2010.04.18"]
[Round "9.4"]
[White "Messinger, Karl"]
[Black "Kambrath, Yannick"]
[Result "0-1"]
[WhiteElo "1902"]
[BlackElo "1941"]
[Annotator "Rivier,Sylvain"]
[PlyCount "85"]

1. e4 e5 2. Nf3 Nc6 3. Bb5 a6 4. Ba4 Nf6 5. O-O b5 6. Bb3 Bb7 7. d3 Bd6 8. a4
Na5 9. Nc3 Nxb3 10. cxb3 b4 11. Ne2 O-O 12. Ng3 Re8 13. Nf5 Bf8 14. Bg5 h6 15.
Bh4 g6 16. Ne3 Bg7 17. Qd2 Qe7 18. Bxf6 Qxf6 19. Qxb4 Rab8 20. Qc3 Bc6 21. Nc4
Ba8 22. Rac1 d5 23. Ncd2 Rec8 24. Qa5 Qd6 25. Rc5 Bf8 26. Rfc1 dxe4 27. dxe4
Rd8 28. Qxc7 Qf6 29. R5c2 Bd6 30. Qc3 g5 31. h3 h5 32. Qe3 g4 33. hxg4 hxg4 34.
Nh2 Qg6 35. Qg3 Bb4 36. Qxe5 Bd6 37. Qc3 g3 38. fxg3 Bxg3 39. Nhf1 Bf4 40. Qf3
Qb6+ 41. Qf2 Qh6 42. g3 Bg5 43. Kg2 {suite illisible} 0-1

[Event "Championnat de France des Jeunes - Benj"]
[Site "TROYES"]
[Date "2010.04.18"]
[Round "9.5"]
[White "Macon, Arthur"]
[Black "Viennot, Dylan"]
[Result "1-0"]
[WhiteElo "1949"]
[BlackElo "2017"]
[PlyCount "67"]

1. d4 Nf6 2. c4 c5 3. d5 d6 4. Nc3 g6 5. e4 Bg7 6. Nf3 O-O 7. Be2 e5 8. O-O Ne8
9. Ne1 f5 10. Nd3 Nf6 11. f3 f4 12. Rb1 g5 13. b4 b6 14. Bd2 Rf7 15. Nf2 Bf8
16. bxc5 bxc5 17. g4 fxg3 18. hxg3 Rg7 19. g4 a6 20. Qc1 h6 21. Ncd1 Kh7 22.
Ne3 Ng8 23. Qa3 Rf7 24. Rb3 Nd7 25. Nf5 Qf6 26. Rfb1 Ne7 27. Qa4 Ra7 28. Ba5
Nxf5 29. exf5 Be7 30. Ne4 Qh8 31. Qc6 Qf8 32. Bc7 Nf6 33. Rb8 Qe8 34. Nxf6+ 1-0

[Event "Championnat de France des Jeunes - Benj"]
[Site "TROYES"]
[Date "2010.04.18"]
[Round "9.6"]
[White "Gautier, Clement"]
[Black "Gelas, Christophe"]
[Result "1/2-1/2"]
[WhiteElo "1875"]
[BlackElo "2000"]
[PlyCount "99"]

1. e4 c5 2. Nc3 Nc6 3. g3 g6 4. Bg2 Bg7 5. d3 d6 6. Be3 e6 7. Qd2 Nd4 8. Nge2
Qa5 9. Nc1 Ne7 10. O-O Nec6 11. Nb3 Qb4 12. f4 O-O 13. Kh1 f5 14. Bf2 a5 15.
Rab1 a4 16. Nc1 a3 17. bxa3 Qxa3 18. Nd1 fxe4 19. dxe4 Na5 20. Bxd4 Bxd4 21.
Rf3 Qa4 22. c3 Bf6 23. e5 dxe5 24. fxe5 Nc4 25. Qe2 Nxe5 26. Rf4 Qd7 27. Nb3
Qd3 28. Qb2 Nc4 29. Qc1 Rxa2 30. Nxc5 Qe2 31. Rf2 Qe1+ 32. Rf1 Qd2 33. Rf2 Qxc1
34. Rxc1 Rxf2 35. Nxf2 Bg5 36. Rc2 Ne3 37. Re2 Nxg2 38. Kxg2 b6 39. Nxe6 Re8
40. Nd4 Bb7+ 41. Kg1 Rxe2 42. Nxe2 Bd2 43. Nd1 Bf3 44. Kf2 Bg4 45. c4 Bb4 46.
Nb2 Bc5+ 47. Ke1 Be6 48. Kd2 Ba3 49. Nd4 Bf7 50. Na4 1/2-1/2

[Event "Championnat de France des Jeunes - Benj"]
[Site "TROYES"]
[Date "2010.04.18"]
[Round "9.7"]
[White "Rouffignac, Tanguy"]
[Black "Bapst, Valentin"]
[Result "0-1"]
[WhiteElo "1885"]
[BlackElo "1828"]
[PlyCount "56"]

1. e4 c5 2. Nf3 Nc6 3. Nc3 Nf6 4. d4 cxd4 5. Nxd4 e5 6. Ndb5 d6 7. Bg5 a6 8.
Na3 b5 9. Nd5 Be7 10. Bxf6 Bxf6 11. c3 Bg5 12. Nc2 Rb8 13. a4 bxa4 14. Ncb4
Nxb4 15. cxb4 O-O 16. Rxa4 a5 17. h4 Bh6 18. bxa5 Rxb2 19. Qa1 Rc2 20. Ne3 Bxe3
21. fxe3 Qf6 22. Be2 Ba6 23. Ra2 Rfc8 24. Rxc2 Rxc2 25. Bf3 Qd8 26. g4 Qc7 27.
Qa3 Qc4 28. Bd1 Re2+ 0-1

[Event "Championnat de France des Jeunes - Benj"]
[Site "TROYES"]
[Date "2010.04.18"]
[Round "9.8"]
[White "Pruvot, Louis"]
[Black "Grundman, Anatole"]
[Result "1-0"]
[WhiteElo "1881"]
[BlackElo "1742"]
[PlyCount "109"]

1. d4 Nf6 2. Nf3 g6 3. c4 Bg7 4. Nc3 O-O 5. e4 d6 6. h3 Nbd7 7. Bg5 c6 8. Rg1
Qc7 9. g4 e5 10. d5 Nc5 11. Nd2 a5 12. Qf3 Ne8 13. Qg3 f6 14. Be3 a4 15. h4 Qa5
16. Rb1 Qb4 17. a3 Qa5 18. h5 g5 19. Be2 h6 20. f3 Rf7 21. Qf2 Bf8 22. Kf1 Bd7
23. Kg2 Kg7 24. Na2 cxd5 25. cxd5 b5 26. Nb4 Rc8 27. Rgc1 Nc7 28. Nf1 N7a6 29.
Nxa6 Qxa6 30. Ng3 Nb3 31. Rxc8 Bxc8 32. Bd1 Rc7 33. Bxb3 axb3 34. Rc1 Rc4 35.
Rxc4 bxc4 36. Qd2 Be7 37. Qb4 Bd8 38. Bd2 Bc7 39. Bc3 Bd7 40. Nf1 Qb6 41. Ne3
Qxb4 42. Bxb4 Bb5 43. Nf5+ Kh7 44. Bc3 Bb8 45. Kf1 Bd7 46. Ne3 Bb5 47. Nf5 Bd7
48. Ke2 Bxf5 49. gxf5 Ba7 50. Kd2 Bd4 51. Bxd4 exd4 52. a4 c3+ 53. bxc3 b2 54.
Kc2 dxc3 55. a5 1-0

[Event "Championnat de France des Jeunes - Benj"]
[Site "TROYES"]
[Date "2010.04.18"]
[Round "9.9"]
[White "Bernhard, Simon"]
[Black "Bigonnet, Jean-Michel"]
[Result "0-1"]
[WhiteElo "1790"]
[BlackElo "1914"]
[PlyCount "56"]

1. c4 c5 2. Nf3 Nf6 3. Nc3 e6 4. e4 Nc6 5. d4 cxd4 6. Nxd4 Bb4 7. Nxc6 Bxc3+ 8.
bxc3 dxc6 9. Qc2 Qa5 10. a4 Nxe4 11. Bb2 Nf6 12. Bd3 O-O 13. O-O c5 14. f4 Qc7
15. Rf3 b6 16. Re1 Bb7 17. Rh3 g6 18. Bc1 Rfd8 19. f5 exf5 20. Bg5 Qc6 21. Rf1
Rd7 22. Rff3 Ng4 23. Bf4 Re8 24. Bg3 Qe6 25. Rf4 Qe3+ 26. Kf1 Qxd3+ 27. Qxd3
Rxd3 28. Bf2 Rd1+ 0-1

[Event "Championnat de France des Jeunes - Benj"]
[Site "TROYES"]
[Date "2010.04.18"]
[Round "9.10"]
[White "Leveque, Guillaume"]
[Black "Dupouy, Francois"]
[Result "1-0"]
[WhiteElo "1725"]
[BlackElo "1813"]
[PlyCount "117"]

1. e4 e6 2. d4 d5 3. exd5 exd5 4. c4 Nf6 5. h3 Nc6 6. Nf3 Bf5 7. a3 Bd6 8. Bd3
Qe7+ 9. Be3 Bxd3 10. Qxd3 dxc4 11. Qxc4 Bf4 12. Qb3 O-O-O 13. O-O Nd5 14. Re1
Qf6 15. Nbd2 Rhe8 16. Nc4 Nce7 17. Nce5 Ng6 18. Rad1 Nxe3 19. fxe3 Bxe5 20.
dxe5 Qe6 21. Rxd8+ Rxd8 22. Qa4 Nxe5 23. Nxe5 Qxe5 24. Qxa7 c6 25. Qa4 f5 26.
Qb4 Qd6 27. Qa5 Qd2 28. Qxf5+ Kb8 29. Qf4+ Ka8 30. Qf2 Qxf2+ 31. Kxf2 Rd2+ 32.
Re2 Rd5 33. Kf3 Kb8 34. e4 Rd4 35. Kf4 Kc7 36. Ke5 Rd8 37. Ke6 Rd6+ 38. Kf7
Rd7+ 39. Kf8 g6 40. e5 Rd8+ 41. Kf7 Rd7+ 42. Kf6 Kd8 43. e6 Rd1 44. Kg7 Ke7 45.
Kxh7 g5 46. Kg6 Rd5 47. Rf2 Kxe6 48. Rf6+ Kd7 49. Rf7+ Kc8 50. Rf5 Rd2 51. Rxg5
Rxb2 52. h4 Rd2 53. h5 Rd6+ 54. Kh7 b6 55. h6 c5 56. Rg6 Rd7+ 57. Kh8 Kc7 58.
h7 Rd8+ 59. Rg8 1-0

[Event "Championnat de France des Jeunes - Benj"]
[Site "TROYES"]
[Date "2010.04.18"]
[Round "9.1"]
[White "Bekhouche, Marion"]
[Black "Navrotescu, Andreea-Cristiana"]
[Result "0-1"]
[WhiteElo "1707"]
[BlackElo "1930"]
[PlyCount "0"]

1. d4 Nf6 2. c4 e6 3. Nf3 Bb4+ 4. Bd2 c5 5. Nc3 cxd4 6. Nxd4 Nc6 7. e3 O-O 8.
Bd3 Bc5 9. Nf3 a6 10. O-O d5 11. cxd5 exd5 12. Na4 Ba7 13. Rc1 Qd6 14. Qc2 Bg4
15. Bxa6 Bxf3 16. gxf3 Bb8 17. Rfd1 Qxh2+ 18. Kf1 Rxa6 19. Nc5 Qh3+ 20. Ke2 Ne5
21. Rg1 Qxf3+ 22. Ke1 Rc6 23. Rg3 Rxc5 24. Qd1 0-1

[Event "Championnat de France des Jeunes - Benj"]
[Site "TROYES"]
[Date "2010.04.18"]
[Round "9.2"]
[White "Bellaiche, Elise"]
[Black "Rigolot, Lucie"]
[Result "0-1"]
[WhiteElo "1833"]
[BlackElo "1900"]
[PlyCount "164"]

1. e4 c5 2. Nf3 a6 3. c3 d5 4. exd5 Qxd5 5. d4 Bg4 6. Be2 Nf6 7. c4 Qd6 8. d5
g6 9. Nc3 Bg7 10. Qb3 b6 11. g3 O-O 12. Bf4 Qd8 13. h3 Bf5 14. g4 Bd7 15. Nd2
e6 16. O-O exd5 17. cxd5 Bc8 18. Bf3 Bb7 19. Rad1 Nfd7 20. Bg2 Ne5 21. Nc4 Nxc4
22. Qxc4 Nd7 23. Rfe1 b5 24. Qd3 Qf6 25. Qd2 Rfe8 26. Ne4 Qb6 27. Nd6 Rxe1+ 28.
Rxe1 Rd8 29. Nxb7 Qxb7 30. d6 Qb6 31. g5 c4 32. Qd5 Qd4 33. Qxd4 Bxd4 34. Re7
Nb6 35. Bc6 Kf8 36. Rb7 Na4 37. Bd5 Bxb2 38. Rxf7+ Ke8 39. Rxh7 Nb6 40. Bf7+
Kf8 41. Bxg6 Bg7 42. Be3 Na4 43. Rh4 Be5 44. Bf4 Rxd6 45. Bxe5 Rxg6 46. Rh8+
Kf7 47. h4 Nc5 48. f4 Nd3 49. h5 Rg8 50. g6+ Kf8 51. Bd6+ Kg7 52. Rxg8+ Kxg8
53. h6 c3 54. Be7 c2 55. h7+ Kg7 56. Bf6+ Kxg6 57. h8=Q c1=Q+ 58. Kg2 Qd2+ 59.
Kh1 Qe1+ 60. Kh2 Qf2+ 61. Kh1 Qf1+ 62. Kh2 Qxf4+ 63. Kg2 Qf2+ 64. Kh3 Qxf6 65.
Qe8+ Kh6 66. Qe3+ Nf4+ 67. Kg4 Qg5+ 68. Kf3 Ng6 69. Qb6 Qf4+ 70. Ke2 Qc4+ 71.
Kf3 Qd3+ 72. Kg4 Qe2+ 73. Kf5 Qh5+ 74. Ke4 Qg4+ 75. Kd3 Qf5+ 76. Ke2 Qe4+ 77.
Kd2 Qd5+ 78. Ke2 Qxa2+ 79. Kd1 Kg5 80. Qe3+ Nf4 81. Qe7+ Kg4 82. Qb4 Qa4+ 0-1

[Event "Championnat de France des Jeunes - Benj"]
[Site "TROYES"]
[Date "2010.04.18"]
[Round "9.3"]
[White "Vignette, Jeanne"]
[Black "Nolot, Clementine"]
[Result "1-0"]
[WhiteElo "1568"]
[BlackElo "1672"]
[PlyCount "59"]

1. e4 e5 2. Nf3 Nc6 3. Bc4 Bc5 4. c3 Nf6 5. d4 exd4 6. cxd4 Bb4+ 7. Nc3 Nxe4 8.
O-O Bxc3 9. d5 Bf6 10. Re1 Ne7 11. Rxe4 d6 12. Qe2 h6 13. Bb5+ Bd7 14. Bxd7+
Qxd7 15. Nd4 O-O-O 16. Qc4 Rde8 17. h3 Ng6 18. Re3 Ne5 19. Qb4 Kb8 20. Rb3 c6
21. dxc6 Nxc6 22. Nxc6+ Qxc6 23. Bf4 Be5 24. Be3 Re7 25. Rc1 Qd7 26. Qa5 b5 27.
Rxb5+ Ka8 28. Rd1 Rd8 29. Bxa7 Qxa7 30. Qxd8+ 1-0

[Event "Championnat de France des Jeunes - Benj"]
[Site "TROYES"]
[Date "2010.04.18"]
[Round "9.4"]
[White "Abidi, Hasma"]
[Black "Fischer, Julie"]
[Result "0-1"]
[WhiteElo "1740"]
[BlackElo "1721"]
[PlyCount "104"]

1. d4 Nf6 2. Nf3 g6 3. c4 Bg7 4. Nc3 O-O 5. e3 d6 6. Be2 c5 7. O-O Nc6 8. b3 e5
9. d5 Na5 10. a3 b6 11. b4 Nb7 12. e4 Nh5 13. Ne1 Nf4 14. Nd3 f5 15. Bd2 fxe4
16. Nxe4 Qh4 17. Nxf4 exf4 18. Rb1 Bf5 19. f3 Rae8 20. Bd3 Bd4+ 21. Kh1 Bxe4
22. Bxe4 Re5 23. h3 Nd8 24. Qe1 Qh6 25. Bc3 Bxc3 26. Qxc3 Nf7 27. Qd2 Ng5 28.
Rbe1 Qg7 29. Bd3 Rfe8 30. Rxe5 Qxe5 31. bxc5 bxc5 32. Rb1 Re7 33. Qa5 Qe3 34.
Qc3 Nxf3 35. gxf3 Qxf3+ 36. Kg1 Qg3+ 37. Kf1 Qxh3+ 38. Kg1 f3 39. Qd2 Qg3+ 40.
Kf1 Qh3+ 41. Kg1 Qg3+ 42. Kf1 f2 43. Rb8+ Kg7 44. Qc3+ Kh6 45. Qd2+ g5 46. Qxf2
Qxd3+ 47. Kg1 Qd1+ 48. Kg2 Re2 49. Qxe2 Qxe2+ 50. Kg1 g4 51. Rd8 g3 52. Rxd6+
Kg5 0-1

[Event "Championnat de France des Jeunes - Benj"]
[Site "TROYES"]
[Date "2010.04.18"]
[Round "9.5"]
[White "Bertrand, Meryl"]
[Black "Dieuleveut, Floriane"]
[Result "0-1"]
[WhiteElo "1632"]
[BlackElo "1613"]
[PlyCount "65"]

1. e4 c5 2. Nf3 Nc6 3. d4 cxd4 4. Nxd4 g6 5. Be3 Bg7 6. Qd2 Nf6 7. Nc3 Ng4 8.
Nb3 Nxe3 9. Qxe3 Nb4 10. Qd2 a6 11. a3 Nc6 12. Be2 d6 13. O-O O-O 14. Kh1 Be6
15. Nc1 Qb6 16. Rb1 Rfc8 17. Nd5 Bxd5 18. exd5 Nd4 19. c3 Nb3 20. Nxb3 Qxb3 21.
f4 Rc5 22. Bf3 Rb5 23. g3 Rc8 24. Qe3 Kf8 25. Rfe1 Rc7 26. Qa7 Rbc5 27. Red1
Qb5 28. b4 Rxc3 29. a4 Qxa4 30. Bg4 f5 31. Be2 Qa2 32. Re1 Qxd5+ 33. Kg1 0-1

[Event "Championnat de France des Jeunes - Benj"]
[Site "TROYES"]
[Date "2010.04.18"]
[Round "9.6"]
[White "Susini, Lisa"]
[Black "Legrand, Claire"]
[Result "0-1"]
[WhiteElo "1601"]
[BlackElo "1600"]
[PlyCount "108"]

1. d4 d6 2. c4 Nf6 3. Nc3 Nbd7 4. Nf3 e5 5. e3 c6 6. Be2 Be7 7. O-O e4 8. Nd2
d5 9. f3 exf3 10. Nxf3 Bb4 11. Qb3 Qa5 12. Bd2 Bxc3 13. Bxc3 Qb6 14. Qc2 Ne4
15. Be1 Ndf6 16. Nd2 Be6 17. b3 Rd8 18. Nxe4 Nxe4 19. Bd3 f5 20. Bh4 Rd7 21. a4
a5 22. cxd5 cxd5 23. Bb5 g5 24. Bxd7+ Kxd7 25. Be1 Rc8 26. Qd3 Rc7 27. Qb5+
Qxb5 28. axb5 b6 29. b4 axb4 30. Bxb4 Rc4 31. Be1 Kc8 32. Bg3 Kb7 33. Rfc1 Nc3
34. Kf1 Nxb5 35. Rxc4 dxc4 36. Rd1 c3 37. Rc1 Bb3 38. Ke2 Kc6 39. Kd3 c2 40.
Rxc2+ Bxc2+ 41. Kxc2 Kd5 42. Kd3 Nd6 43. Bxd6 Kxd6 44. Kc4 f4 45. e4 g4 46. Kd3
b5 47. Kc3 f3 48. gxf3 gxf3 49. Kd3 b4 50. Ke3 b3 51. Kxf3 b2 52. Kf4 b1=Q 53.
Kf5 Qf1+ 54. Kg5 Ke6 0-1

[Event "Championnat de France des Jeunes - Benj"]
[Site "TROYES"]
[Date "2010.04.18"]
[Round "9.7"]
[White "Canterel, Cecile"]
[Black "Savalle, Mathilde"]
[Result "1/2-1/2"]
[WhiteElo "1840"]
[BlackElo "1580"]
[PlyCount "82"]

1. d4 d5 2. c4 e6 3. Nf3 Nf6 4. g3 dxc4 5. Qa4+ Nbd7 6. Qxc4 c5 7. Bg2 a6 8.
Qc2 b5 9. Ne5 Nd5 10. Nxd7 Bxd7 11. dxc5 Bxc5 12. Qxc5 Rc8 13. Qd4 Rxc1+ 14.
Kd2 Rxh1 15. Bxh1 Nf6 16. Ke1 O-O 17. Nc3 Qa5 18. Kf1 Rd8 19. Qf4 h6 20. h4 Rc8
21. a3 Bc6 22. Bxc6 Rxc6 23. Rd1 Rc8 24. Qd6 Ne8 25. Qd7 Qc7 26. Qxc7 Rxc7 27.
Kg2 Kf8 28. Kf3 Ke7 29. Rb1 Rc4 30. Na2 Nf6 31. Nc3 b4 32. axb4 Rxb4 33. Kg2
Nd7 34. f3 Nc5 35. Kf2 Kd6 36. Rd1+ Ke7 37. Rd2 Nb3 38. Rd1 Nc5 39. Rd2 Nb3 40.
Rd1 Nc5 41. Rd2 Nb3 1/2-1/2

[Event "Championnat de France des Jeunes - Benj"]
[Site "TROYES"]
[Date "2010.04.18"]
[Round "9.8"]
[White "Likhoded, Victoria"]
[Black "Lucas, Maurane"]
[Result "1-0"]
[WhiteElo "1677"]
[BlackElo "1530"]
[PlyCount "99"]

1. c4 e6 2. Nc3 d5 3. cxd5 exd5 4. d4 Nf6 5. Nf3 c5 6. Bg5 Be6 7. Bxf6 Qxf6 8.
e3 Nc6 9. Be2 cxd4 10. Nxd4 Bc5 11. Nxe6 fxe6 12. Qd2 O-O 13. O-O Rad8 14. Na4
Bb4 15. Qc1 e5 16. a3 Bd6 17. Qd2 e4 18. Qxd5+ Kh8 19. Qxe4 Rfe8 20. Qf3 Bxh2+
21. Kxh2 Qh4+ 22. Kg1 Qxa4 23. Rfd1 Qb3 24. Rab1 Rxd1+ 25. Bxd1 Qa2 26. Bc2 Rd8
27. Qe2 Qe6 28. Qe1 Rf8 29. Rd1 Qf5 30. Rb1 Ne5 31. f3 Qg5 32. Kf2 Qh4+ 33. Kg1
Qh6 34. Be4 b6 35. Rc1 Qf6 36. Qc3 Qe6 37. Qc2 g6 38. Qc3 Kg8 39. Bc2 Nf7 40.
Bb3 Qf5 41. Bxf7+ Qxf7 42. Qc4 Qxc4 43. Rxc4 Re8 44. Kf2 a5 45. Rc6 Rb8 46. e4
Kf8 47. Ke3 Ke8 48. Rc7 h6 49. Rh7 h5 50. Rh8+ 1-0

[Event "Championnat de France des Jeunes - Benj"]
[Site "TROYES"]
[Date "2010.04.18"]
[Round "9.9"]
[White "Rei-Rosa, Sophie"]
[Black "Mirete, Rita"]
[Result "0-1"]
[WhiteElo "1660"]
[BlackElo "1480"]
[PlyCount "86"]

1. d4 d5 2. Bf4 Nf6 3. e3 Bf5 4. Bd3 Bxd3 5. Qxd3 e6 6. Qb5+ Nbd7 7. Qxb7 Bd6
8. Bxd6 cxd6 9. Qa6 Qc7 10. Qe2 O-O 11. Nf3 e5 12. dxe5 dxe5 13. O-O e4 14. Nd4
Ne5 15. Nc3 Neg4 16. g3 Qd7 17. Qb5 Qd6 18. Qe2 h5 19. f3 exf3 20. Qxf3 Rae8
21. Rfe1 g6 22. h3 Ne5 23. Qf4 Qb6 24. Rab1 Nc4 25. b3 Nd2 26. Rbd1 Nde4 27.
Nxe4 Nxe4 28. Nf3 Qc5 29. Rc1 Kg7 30. Ne5 Re7 31. c4 d4 32. Qxe4 Rxe5 33. Qxd4
Qc7 34. Rcd1 Rfe8 35. Qf4 Qa5 36. Re2 Qc5 37. Rd7 Rf5 38. Qc7 Qa3 39. Rdd2 Qc1+
40. Kh2 Rxe3 41. Qxa7 Rf1 42. Qxe3 Rh1+ 43. Kg2 Qf1# 0-1

[Event "Championnat de France des Jeunes - Benj"]
[Site "TROYES"]
[Date "2010.04.18"]
[Round "9.10"]
[White "Reau, Florine"]
[Black "Dol, Cecile"]
[Result "0-1"]
[WhiteElo "1460"]
[BlackElo "1610"]
[PlyCount "38"]

1. e4 e6 2. d4 d5 3. e5 c5 4. c3 Nc6 5. Nf3 Qb6 6. Bd3 Bd7 7. dxc5 Bxc5 8. b4
Bxf2+ 9. Ke2 Nxb4 10. cxb4 Bd4 11. Nxd4 Qxd4 12. Qb3 Qxe5+ 13. Kf2 Qd4+ 14. Ke2
Qg4+ 15. Kf2 Qh4+ 16. Ke2 Nf6 17. Kf1 Ng4 18. g3 Qf6+ 19. Ke1 Qf2+ 0-1

[Event "Championnat de France des Jeunes - Pupi"]
[Site "TROYES"]
[Date "2010.04.18"]
[Round "9.1"]
[White "Bellahcene, Bilel"]
[Black "Veys, Vincent"]
[Result "1-0"]
[WhiteElo "2072"]
[BlackElo "1643"]
[PlyCount "0"]

1. e4 e6 2. d4 d5 3. Nc3 dxe4 4. Nxe4 Bd7 5. Nf3 Bc6 6. Ng3 Nd7 7. Bd3 Ngf6 8.
Qe2 Be7 9. Bg5 Bxf3 10. Qxf3 c6 11. O-O-O Qa5 12. Bxf6 Nxf6 13. Kb1 Qb6 14. c3
a5 15. Nh5 Nxh5 16. Qxh5 Bf6 17. Rhe1 g6 18. Qf3 Bg7 19. h4 Qd8 20. h5 Qf6 21.
Qg3 Bf8 22. hxg6 hxg6 23. d5 Bc5 24. dxe6 O-O-O 25. exf7 Qxf7 26. f3 Rhg8 27.
Qg5 Bb6 28. Qg4+ Qd7 29. Qxd7+ Rxd7 30. Kc2 Kc7 31. Re4 Rdd8 32. Re7+ Rd7 33.
Rxd7+ Kxd7 34. Bc4+ Kc8 1-0

[Event "Championnat de France des Jeunes - Pupi"]
[Site "TROYES"]
[Date "2010.04.18"]
[Round "9.2"]
[White "Rambaldi, Francesco"]
[Black "Msellek, Ilyass"]
[Result "1/2-1/2"]
[WhiteElo "1952"]
[BlackElo "1970"]
[PlyCount "103"]

1. c4 e5 2. g3 Nf6 3. Bg2 d5 4. cxd5 Nxd5 5. Nf3 Nc6 6. Nc3 Nb6 7. a3 Be6 8. d3
Be7 9. b4 O-O 10. O-O f6 11. Be3 Qc8 12. Rc1 Rd8 13. Qc2 Qd7 14. Ne4 Nd5 15.
Bc5 Bd6 16. Rfd1 h6 17. Nc3 Bxc5 18. bxc5 Nce7 19. Na4 Bh3 20. Qc4 Be6 21. Qc2
Bh3 22. Qc4 Bxg2 23. Kxg2 b5 24. cxb6 axb6 25. Nc3 Kh8 26. Nxd5 Nxd5 27. h3 Ra4
28. Qb3 Rda8 29. e4 Ne7 30. Qf7 Rd8 31. Nh4 Kh7 32. Rc3 c5 33. Rb3 Nc8 34. Qg6+
Kh8 35. Nf5 Ra7 36. Ne3 Ne7 37. Qf7 Nf5 38. Qxd7 Nxe3+ 39. Kf3 Raxd7 40. Kxe3
c4 41. Rxb6 Rxd3+ 42. Rxd3 Rxd3+ 43. Ke2 Rxa3 44. Rc6 Ra2+ 45. Ke3 Rc2 46. h4
Kg8 47. h5 c3 48. f3 Rg2 49. g4 Rc2 50. Kd3 Rd2+ 51. Ke3 Rd7 52. Rxc3 1/2-1/2

[Event "Championnat de France des Jeunes - Pupi"]
[Site "TROYES"]
[Date "2010.04.18"]
[Round "9.3"]
[White "Haussernot, Cecile"]
[Black "Ek, Alexandre"]
[Result "1-0"]
[WhiteElo "1949"]
[BlackElo "1833"]
[PlyCount "63"]

1. e4 c5 2. Nc3 Nc6 3. g3 g6 4. Bg2 Bg7 5. d3 d6 6. f4 e5 7. Nf3 Nge7 8. h3 O-O
9. O-O exf4 10. Bxf4 a6 11. Qd2 b5 12. Bh6 Bb7 13. a4 Qb6 14. Bxg7 Kxg7 15. Qf4
c4+ 16. Kh2 h6 17. axb5 axb5 18. Rxa8 Bxa8 19. Qxd6 Rd8 20. Qf4 Qb7 21. d4 f5
22. d5 Nb4 23. Nd4 Kh7 24. Ne6 Rc8 25. Qe5 Rg8 26. exf5 gxf5 27. Qf6 Nexd5 28.
Qxf5+ Kh8 29. Qe5+ Kh7 30. Be4+ Rg6 31. Bxg6+ Kxg6 32. Qf5# 1-0

[Event "Championnat de France des Jeunes - Pupi"]
[Site "TROYES"]
[Date "2010.04.18"]
[Round "9.4"]
[White "Clerc, Gabriel"]
[Black "Froment, Theophile"]
[Result "0-1"]
[WhiteElo "1560"]
[BlackElo "1834"]
[PlyCount "92"]

1. d4 Nf6 2. Nf3 g6 3. c4 Bg7 4. Nc3 O-O 5. e3 d6 6. Be2 a6 7. Bd2 c5 8. dxc5
dxc5 9. Qb3 Nc6 10. O-O e6 11. Rfd1 Qc7 12. Na4 Ne4 13. Bc3 Nxc3 14. Nxc3 b6
15. Rd2 Ne5 16. Rad1 Rb8 17. Nxe5 Bxe5 18. f4 Bg7 19. Bf3 Kh8 20. Rd6 Bd4 21.
exd4 Qxd6 22. dxc5 Qxc5+ 23. Kh1 Bb7 24. Bxb7 Rxb7 25. Ne4 Qe7 26. g4 f5 27.
Qc3+ Qg7 28. Qxg7+ Kxg7 29. gxf5 exf5 30. Nd6 Rbb8 31. c5 bxc5 32. Nc4 Rbd8 33.
Re1 Rfe8 34. Rc1 Re4 35. Ne5 Rc8 36. Nd3 c4 37. Kg2 Rd8 38. Ne5 Rd2+ 39. Kf3
Rdd4 40. b3 Rxf4+ 41. Kg3 Kf6 42. Nxc4 Rg4+ 43. Kf3 Rd3+ 44. Ke2 Rh3 45. Ne3
Re4 46. Rc3 f4 0-1

[Event "Championnat de France des Jeunes - Pupi"]
[Site "TROYES"]
[Date "2010.04.18"]
[Round "9.5"]
[White "Ginovart, Axel"]
[Black "Grezels, Florian"]
[Result "1/2-1/2"]
[WhiteElo "1752"]
[BlackElo "1874"]
[PlyCount "150"]

1. e4 d6 2. d4 Nf6 3. Nc3 Nbd7 4. f4 e5 5. Nf3 exd4 6. Nxd4 Nc5 7. Bd3 Bg4 8.
Bb5+ c6 9. Be2 Nfxe4 10. Nxe4 Nxe4 11. Bxg4 Qh4+ 12. g3 Nxg3 13. Nf3 Qe7+ 14.
Kf2 Nxh1+ 15. Kg2 g6 16. Qe1 Qxe1 17. Nxe1 f5 18. Bf3 Bg7 19. c3 Kf7 20. Nc2
Rhe8 21. Be3 Re7 22. Kxh1 a6 23. Kg2 Rae8 24. Kf2 Bf6 25. Rd1 Bh4+ 26. Ke2 g5
27. Kd2 g4 28. Be2 c5 29. Bc4+ Kg6 30. a4 h5 31. Ke2 Rd8 32. Kf1 Re4 33. b3 Rd7
34. Bd5 Ree7 35. Kg2 Bf6 36. c4 h4 37. h3 Kh5 38. hxg4+ fxg4 39. f5 h3+ 40. Kh2
Be5+ 41. Kh1 g3 42. Ne1 g2+ 43. Nxg2 hxg2+ 44. Kxg2 Rg7+ 45. Kf2 Bg3+ 46. Ke2
Kg4 47. Be6 Rge7 48. Bxd7 Rxd7 49. f6 Rf7 50. Rf1 Be5 51. Rg1+ Kf5 52. Rf1+ Ke6
53. Bg5 Bxf6 54. Rxf6+ Rxf6 55. Bxf6 Kxf6 56. a5 Ke5 57. Ke3 d5 58. cxd5 Kxd5
59. Kd3 Kd6 60. Kc4 Kc7 61. Kd3 b5 62. axb6+ Kxb6 63. Kc4 a5 64. Kc3 Kb5 65.
Kb2 Kc6 66. Kc3 Kd5 67. Kd3 Kc6 68. Kc3 Kb5 69. Kc2 Kb4 70. Kb2 a4 71. bxa4
Kxa4 72. Kc3 Kb5 73. Kb3 c4+ 74. Kc2 Ka4 75. Kc3 Ka3 1/2-1/2

[Event "Championnat de France des Jeunes - Pupi"]
[Site "TROYES"]
[Date "2010.04.18"]
[Round "9.6"]
[White "Duval, Thomas"]
[Black "Devoille, Hugo"]
[Result "0-1"]
[WhiteElo "1810"]
[BlackElo "1704"]
[PlyCount "107"]

1. e4 c5 2. Nc3 e6 3. d3 Nc6 4. g3 d5 5. Bg2 Nf6 6. f4 Be7 7. Nge2 O-O 8. O-O
d4 9. Nb1 e5 10. f5 b5 11. Nd2 Bb7 12. Nf3 c4 13. h3 Nd7 14. g4 Rc8 15. a3 cxd3
16. cxd3 a5 17. g5 a4 18. b4 Nxb4 19. axb4 Bxb4 20. Ba3 Bxa3 21. Rxa3 Qa5 22.
h4 Rfe8 23. h5 Nc5 24. Qd2 Qxd2 25. Nxd2 b4 26. Raa1 Ba6 27. Nc1 b3 28. Ncxb3
axb3 29. Nxb3 Bxd3 30. Nxc5 Bxf1 31. Bxf1 Rxc5 32. g6 hxg6 33. hxg6 fxg6 34.
fxg6 Rc3 35. Kf2 Re3 36. Bc4+ Kf8 37. Ra7 Re7 38. Ra8+ Re8 39. Ra7 Rc3 40. Rf7+
Kg8 41. Bd5 Kh8 42. Kg2 Rc2+ 43. Kg3 Rc1 44. Kf2 Rc5 45. Be6 Rc2+ 46. Kg3 Rc6
47. Bf5 Rd6 48. Kf2 d3 49. Ke1 d2+ 50. Kd1 Ra8 51. Bg4 Rxg6 52. Be2 Rd6 53. Kc2
Rc8+ 54. Kb2 0-1

[Event "Championnat de France des Jeunes - Pupi"]
[Site "TROYES"]
[Date "2010.04.18"]
[Round "9.7"]
[White "Delpierre, Elie"]
[Black "Rodriguez, Adrien"]
[Result "0-1"]
[WhiteElo "1685"]
[BlackElo "1797"]
[PlyCount "48"]

1. d4 Nf6 2. c4 c5 3. Nf3 e6 4. Nc3 d5 5. dxc5 Bxc5 6. cxd5 exd5 7. Bg5 d4 8.
Ne4 Nxe4 9. Bxd8 Bb4+ 10. Nd2 Bxd2+ 11. Qxd2 Nxd2 12. Bg5 Ne4 13. Rc1 O-O 14.
Bf4 Nc6 15. g3 Bf5 16. g4 Bg6 17. h4 h6 18. g5 hxg5 19. hxg5 f6 20. gxf6 Rxf6
21. e3 Re8 22. Bc4+ Bf7 23. Bxf7+ Kxf7 24. Kf1 dxe3 0-1

[Event "Championnat de France des Jeunes - Pupi"]
[Site "TROYES"]
[Date "2010.04.18"]
[Round "9.8"]
[White "Froment, Victor"]
[Black "Venou, Randjit"]
[Result "1/2-1/2"]
[WhiteElo "1698"]
[BlackElo "1950"]
[PlyCount "78"]

1. e4 e5 2. Nf3 Nc6 3. Bc4 Bc5 4. c3 Nf6 5. d3 a6 6. Bb3 d6 7. Nbd2 h6 8. h3
Be6 9. Nf1 O-O 10. Ng3 Bxb3 11. axb3 d5 12. Qe2 dxe4 13. dxe4 Re8 14. O-O Qe7
15. Nf5 Qe6 16. b4 Bd6 17. N3h4 Ne7 18. Nxe7+ Bxe7 19. Nf5 Rad8 20. Qf3 Bf8 21.
Qg3 Kh7 22. Qh4 Ng8 23. Be3 Qf6 24. Qxf6 Nxf6 25. Ng3 Nd7 26. Rfd1 c5 27. bxc5
Bxc5 28. Rxd7 Rxd7 29. Bxc5 Rd2 30. Ba3 Red8 31. Rc1 Rd1+ 32. Rxd1 Rxd1+ 33.
Kh2 g6 34. f3 b5 35. Bb4 Rb1 36. Ba3 h5 37. Nh1 Rf1 38. Ng3 Rd1 39. h4 Kg7
1/2-1/2